Na konci cesty? /Capote, Truman./

Bibliographic Details
Format: Article
Language:Slovak
PhysicalDescription:Fot. 1.
Subjects:

MARC

LEADER 00000nab a2200000 a 4500
001 vtls000029327
003 SK-MaSNL
005 20260303225234.0
008 111103c1979 xo 0 slo
015 |a SNBRB19rr/mm-uuuuu 
035 |a CL0039421 
040 |a SNKBUCL  |b slo  |c SNKBUCL  |e AACR2 
041 0 |a slo 
044 |a xo  |c SK 
080 |a 82(091):820 (73)"19":92  |2 1981 
080 |a 820 (73)"19"  |2 1981 
080 |a 820 (73)(091)"19"  |2 1981 
080 |a 92 Capote, Truman  |2 1981 
245 0 0 |a Na konci cesty? /Capote, Truman./ 
300 |b Fot. 1. 
500 |a Prevzaté Világ ifjúsága, 3/79, Budapešť (spracované). 
600 1 7 |a Capote, Truman,  |d 1924-1984  |2 snkbucl  |9 112089 
655 7 |a články z novín a časopisov  |2 snkbucl  |9 267496 
655 7 |a články z odboru literárna veda a krásna literatúra  |2 snkbucl  |9 770045 
773 0 |t Express  |g Roč. 11, č. 17 (1979), s. 18 
850 |a Slovenská národná knižnica v Martine  |a MTA001 
852 |a SNK  |b KIS3GCP 
958 |a RK 
958 |a LX 
992 |a RBX 
999 |c 2256313  |d 2258243